000 00322nam a2200109Ia 4500
008 171211s9999 xx 000 0 und d
245 _aAtlas of Sustainable Development Goals 2017
245 _cWorld Bank
260 _c2017
650 _xEncyclopedia and Dictionary
856 _uhttp://down.ebook777.com/064/146481080X.pdf
999 _c350143
_d350143